000 00212nam a22000857a 4500
008 160708b xxu||||| |||| 00| 0 eng d
100 _92467
_aOm Kidz
245 _aGandhi the mahatma
260 _aNew Delhi
_bOm Kidz
_c2012
999 _c2136
_d2136